Idioma
English
Deutsch
Español
Français
Italiano
日本語
Nederlands
Português
Português (Brasil)
中文(简体)
中文(繁體)
Türkçe
עברית
Gaeilge
Cymraeg
Ελληνικά
Català
Euskara
Русский
Čeština
Suomi
Svenska
polski
Dansk
slovenščina
اللغة العربية
বাংলা
Galego
Tiếng Việt
Hrvatski
हिंदी
Հայերէն
Українська
Todos os campos
Title
Autor
Subject
ISBN/ISSN
Tag
Identificador
Buscar
Avanzado
Vol. 114, № 6; Physical Review...
Citar
Text this
Enviar este rexistro por email
Imprimir
Exportar rexistro
Exportar a RefWorks
Exportar a EndNoteWeb
Exportar a EndNote
Permanent link
Esportazione completata correttamente —
Vol. 114, № 6; Physical Review. Second Series
Detalles Bibliográficos
Parent link:
Physical Review. Second Series: journal of Experimental and Theoretical Physics/ The American Physical Society. Vol. 114, № 6.— , 1923-1932, 1947-1969
Idioma:
inglés
Publicado:
1959
Formato:
MixedMaterials
Libro
KOHA link:
https://koha.lib.tpu.ru/cgi-bin/koha/opac-detail.pl?biblionumber=558895
Existencias
Descripción
Títulos similares
Staff View
MARC
LEADER
00000nam2a2200000 4500
001
558895
005
20231101122444.0
035
|a
(RuTPU)RU\TPU\prd\253559
035
|a
RU\TPU\prd\253553
090
|a
558895
100
|a
20160302a19231969k y0engy50 ba
101
0
|a
eng
102
|a
US
200
0
|a
Vol. 114, № 6
210
|d
1959
461
1
|0
(RuTPU)RU\TPU\prd\223
|t
Physical Review. Second Series
|o
journal of Experimental and Theoretical Physics
|f
The American Physical Society
|v
Vol. 114, № 6
|d
1923-1932, 1947-1969
801
0
|a
RU
|b
63413507
|c
20010227
|g
PSBO
801
1
|a
RU
|b
63413507
|c
20080423
|g
PSBO
801
2
|a
RU
|b
63413507
|c
20160302
|g
PSBO
942
|c
BK
999
|a
НТБ_ТПУ
|b
НФ
|e
-14/20160111
|p
П-558
|u
0,00
|v
1
|x
7425
Títulos similares
Vol. 114, № 1; Physical Review. Second Series
Publicado: (1959)
Vol. 114, № 2; Physical Review. Second Series
Publicado: (1959)
Vol. 114, № 3; Physical Review. Second Series
Publicado: (1959)
Vol. 114, № 4; Physical Review. Second Series
Publicado: (1959)
Vol. 114, № 5; Physical Review. Second Series
Publicado: (1959)